000 01433nab a2200217 i 4500
001 768714001
003 CO-MdFUSB
005 20240612145742.0
008 240612t1961 sp ||||| |||| 00| 0 spa d
040 _bspa
_cCO-MdFUSB
_dCO-MdFUSB
041 _aspa
100 _aColunga, Alberto,
_eautor
245 _aIsrael juzgado en el evangelio
_c/ Alberto Colunga
520 _aEl destino de Israel es uno de los grandes misterios de Ia Providencia Divina. No por méritos que tuviera, sino, por puro amor de Dios, fue elegido en sus padres, entre todos los pueblos de Ia tierra para preparar los caminos del Mesías, del Salvador del mundo. En atención a este sublime destino, Dios Ie dio aquella Ley, que, al decir de Moisés en el Deuteronomio, es Ia gran sabiduría, que Ie distingue entre los pueblos mas celebrados de Ia tierra por su cultura. Por Ia misma razón, mediante el ministerio de los Profetas, se constituyó el Señor maestro y guía, o como dirá un personaje, que sentía bien esta gracia, «en su carro y su auriga».
630 0 7 _aBiblia.
_pDeuteronomio
_xCrítica, interpretación, etc.
650 7 _aMesías
_xProfecías
_97087
650 7 _aHermenéutica bíblica
_97333
773 0 _070126
_982755
_dSalamanca, España :
_oR2630
_tSalmanticensis
_w(CO-MdFUSB)768714001
_gVolumen 8, (fascículo 3, 1961) páginas: 657 - 664
_qpágina: 657
942 _cANA
945 _aCatherine Arias Álvarez - Practicante SENA
999 _c70167
_d70167